| 000 | 01607nam a2200469 i 4500 | ||
|---|---|---|---|
| 001 | 43213 | ||
| 003 | KOSZ 005 | ||
| 005 | 20200212104143.0 | ||
| 008 | 020502s2002 pl |001 0 pol | ||
| 015 | _aPB 2002/7305 | ||
| 020 | _a8371974299 | ||
| 035 | _a991018129369705066 | ||
| 035 | _a(PL-WaBN)b14911802-48omnis_nlop | ||
| 035 | _ab14911802 | ||
| 035 | _a(OCoLC)749312264 | ||
| 035 | _a(PL)b0000001491180 | ||
| 035 | _a(EXLNZ-48OMNIS_NETWORK)9910147559605606 | ||
| 040 |
_aWA N _cWA N _dKOSZ 005/HR |
||
| 041 | 1 |
_apol _heng |
|
| 080 | _a004.438 | ||
| 080 | _a004.4'233 | ||
| 080 | _a004.4.05 | ||
| 100 | 1 |
_aMaguire, Steve _eAutor |
|
| 245 | 1 | 0 |
_aNiezawodność oprogramowania : _btechniki tworzenia bezbłędnych programów w języku C - rodem z Microsoftu / _cSteve Maguire ; [tł. Andrzej Grażyński]. |
| 246 | 1 |
_iTyt. oryg.: _aWriting solid code, 1993 |
|
| 260 |
_aGliwice : _b"Helion", _ccop. 2002. |
||
| 300 |
_a227 s. ; _c24 cm. |
||
| 336 |
_2rdacontent _aTekst _btxt |
||
| 337 |
_2rdamedia _aBez urządzenia pośredniczącego _bn |
||
| 338 |
_2rdacarrier _aWolumin _bnc |
||
| 380 | _aKsiążki | ||
| 380 | _aPublikacje fachowe | ||
| 504 | _aIndeks. | ||
| 650 | 7 |
_aC (język programowania) _2DBN |
|
| 650 | 7 | _aProgramowanie (informatyka) | |
| 658 | _aInformatyka i technologie informacyjne | ||
| 700 | 1 |
_aGrażyński, Andrzej _eTłumaczenie |
|
| 710 | 2 |
_aHelion _4pbl |
|
| 856 |
_uhttp://koha.tu.koszalin.pl/cgi-bin/koha/opac-detail.pl?biblionumber=43213 _yKatalog online BPK |
||
| 942 |
_2UKD _cKS |
||
| 999 |
_c43213 _d43213 |
||